000 00280nam a22001217a 4500
082 _a530
_bARO/L
100 _aARORA, S L
245 _aLAB MANUAL OF PHYSICS
_bCLASS XII
260 _aDELHI
_bDHANPAT RAI PUBLICATIONS
_c2024
300 _a255
650 _aPHYSICS
_zINDIA
942 _cBK
999 _c6953
_d6953